00000000nam 2200000zi 4500
0019.927945
003CaOODSP
00520250722154453
006m     o  d f      
007cr mn|||||||||
008230929t20232023onca    ob   f000 0 eng d
020 |a9780660681283
040 |aCaOODSP|beng|erda|cCaOODSP
043 |an-cn---
0861 |aT94-53/4-2024E-PDF
24504|aThe GHG guidance modules : |bgreen retrofits v1.0 / |cInfrastructure Canada.
264 1|aOttawa, Ontario : |bInfrastructure Canada, |c[2023]
264 4|c©2023
300 |a1 online resource (25 pages) : |bcolour illustration
336 |atext|btxt|2rdacontent
337 |acomputer|bc|2rdamedia
338 |aonline resource|bcr|2rdacarrier
500 |aIssued also in French under title: Les lignes directrices sur les GES modules : rénovations écologiques v1.0.
504 |aIncludes bibliographical references.
520 |a"This GHG guidance module provides information to help quantify greenhouse (GHG) emission reductions from undergoing retrofits or refurbishments in a building or facility. Emission reductions are based on the difference between the current operation of the building or facility (baseline) and the operation of the same building or facility that has implemented energy saving, clean energy or GHG mitigation measures (the project). The GHG Guidance Modules provide a simple, sector-specific approach to GHG quantification for various projects across Canada. They are intended to be used by qualified professionals with expertise related to the project and preferably some level of GHG accounting experience. Each GHG Guidance Module (GGM) is based on international standards and sets out a pre-determined set of technical elements (i.e. baselines, activities and variables) and other considerations, required to quantify GHG benefits from a specific project type or sector. …"--Introduction, page 5.
650 0|aBuildings|xRetrofitting|zCanada.
650 0|aSustainable buildings|zCanada.
650 0|aBuildings|xEnergy conservation|zCanada.
650 0|aGreenhouse gas mitigation|zCanada.
7101 |aCanada. |bInfrastructure Canada, |eissuing body.
77508|tLes lignes directrices sur les GES modules : |w(CaOODSP)9.927946
85640|qPDF|s1.37 MB|uhttps://publications.gc.ca/collections/collection_2024/infc/T94-53-4-2024-eng.pdf
8564 |qHTML|sS.O.|uhttps://housing-infrastructure.canada.ca/pub/cl-oc/green-retrofits-ghg-module-ges-renovations-ecologiques-eng.html